PL - Legendy Polskiego Youtube Cz.2 - Statystyki

Ogólne statystyki
  • Ten quiz został rozwiązany 468 razy
  • Średni wynik to 13 z 49
Statystyki odpowiedzi
Pyt. Wskazówka Twórca % Poprawnych
10 Youtuberka , która na swoim koncie zgromadziła już ponad 1 milion subskrybcji. Swój kanał zaczeła prowadzić już w 2011roku , nagrywała głównie wraz ze swoim przyjacielem youtuberem "MinecraftPL".Do nagrania pierwszego filmu została skłoniona przez społeczność "Kanciastej Doliny". Zasłynęła głównie m.in. dzięki serii Minecraft na obcasach oraz serii z gry The Sims 4. Obecnie oglądalnośc na jej kanale znacząco spadła , jednak youtuberka rekreacyjnie dalej prowadzi kanał. Magdalenamariamonika
68%
47 W 2011 rozpoczął tworzenie filmów poświęconych grom wideo, publikowanych na Youtube. Obecnie zgolił swoją grzyweczkę i możesz pomylić go z jajkiem. Prowadzący Lekko Nie Będzie. W 2019roku brał udział w Tancu z Gwiazdami. Tomasz 'Gimper' Działowy
59%
13 Niesamowity Polski kaskader , który prawie wygrał walke na rowerze z ponad 1,5metrową wysokością!!! Co mogę więcej powiedzieć : "TO JUŻ SIE KAMERUJE" Paweł Jumper
58%
14 Wybitny człowiek wielu talentów, specjalności i umiejętności,którymi dzieli się z ludzmi na youtubie. Pochodzi z bardzo, bardzo zasłużonej dla Polski rodziny. Jego współlokatorem jest Major Wojtek Suchodolski . Polityka interesowała go już od najmłodszych lat ,dlatego już w 2006 roku zgłosił swoją kandydaturę na Prezydenta Białegostoku oraz do Rady Miasta i o dziwo uzyskał on całkiem duże , zapewne żartobliwe poparcie.Twierdził, że w latach 1980-2002 był przewodniczący NSZZ w Białymstoku, a już za młodu odwiedzał Kaczyńskich w ich własnym domu. Krzysztof Kononowicz
57%
23 Scenarzysta, reżyser, ale przede wszystkim internetowy satyryk. Jak sam mówi, chce przyciągać ludzi tym, co kocha robić, czyli humorystycznymi filmami.W wieku 16lat wygrał konkurs firmy Orange, wymyślając dla niej reklamę i sam w niej wystąpił. Dalsze losy jego kariery to rola dwóch braci w ramach serwisu ToSięWytnie – Kostka i Stanka Kwas. Możesz poznać go po jego filmach pt. "13 powodów, przez które nie wyrwiesz dziewczyny” czy “12 powodów, przez które nie lubię WF-u”. Posiada on ponad 1,2mln liczbę subskrybcji. Martin Stankiewicz
57%
40 Twórca z ponad półtora milionową widownią o jakże nietypowym imieniu "Sergiusz". Na swoim kanale prezentuje treści gamingowe, ale także rozrywkowe. Jedną z najpopularniejszych serii są gameplay’e z gry FIFA oraz seria “Minecraft z Isamu”. Wielką popularność przyniosła mu również przede wszystkim seria związana ze śmiesznymi rozmowami telefonicznymi ,z których słynie. TheNitroZyniak
57%
2 Niegdyś najpopularniejszy kanał z vlogami, prowadzony przez dwójkę przyjaciół Karola i Włodka.Odcinki pojawiały się systematycznie od poniedziałku do piątku o godzinie 18:00. Tematyka filmów była różnorodna (bieżąca) .Ich celem było dobicie 1000 odcinków na kanałe , z czego ostatni zrealizowali na żywo przed publicznością , po czym ich drogi się rozeszły, Karol przejął kanał , a Włodek stworzył swój osobny. Lekko Stronniczy
52%
26 Założycielkami kanału są Natalia Szymaniec i Karolina Pielesiak. W ich debiucie pomagali chłopaki z Abstrachuje. Uważane są wręcz one za ich damską wersję. Zasłynęły głównie produkcjami, w których w śmiesznej formie obrazują wszelakie stereotypy, z którymi można się spotkać na co dzień np. "Duży biust vs Mały biust". Szparagi
49%
15 Swoją działalność na youtubie rozpoczał rozpoczał w 2010 roku, umieszczając na platformie amatorskie wideorecenzje gier komputerowych. Poza recenzjami gier wideo, od których rozpoczął swą działalność, publikuje on również filmy z poradami bądź przemyśleniami na różnorakie tematy. Jedną z bardziej rozpoznawalnych form jego twórczości są tak zwane „kabarety”, czyli urywki filmów i seriali, opatrzone przez wideoblogera żartobliwym dubbingiem. Klocuch
46%
17 Youtuber ,którego można kojarzyć ze względu na swój nietypowy i niepowtarzalny głos. Na swoim pierwszym kanałe zajmował się gameplayami z gier , głównie z minecrafta - w których bawił nas swoimi specyficznymi żartam i ripostami. Natomiast na drugim "Brzydki_____" jak to on sam powiedział , przyjął stanowisko szeryfa internetu i rozprawiał się z różnorakimi obowiązującymi obecnie internetowymi trendami typu "JP100%" "CHEATER" "PIRACTWO". Jego znakiem rozpoznawczym może być również kwestia "Nie zamierzam dyskutować z debilami". Podaj nazwe 1 kanału. BuraczekCebulaczek
45%
12 Kiedys minecrafter ,obecnie na kanale prowadzi jedynie serie z żartami "____żart" oraz "____Rysowanko" . Możesz kojarzyć go z Falowanymi Blaszkami oraz Czarno czerwonym rycerzem na czarno czerwonym koniu. CichyWuj
41%
7 Tak jak poprzednik ,początkowo był on minecraftowym twórcą , uczestnikiem kwadratowej masakry działającym pod pseudonimem "bartekzbartek" , na swoim kanałe nie cieszył się wielką popularnością jednak często można było zobaczyć go u na filmach u innych youtuberów , w których swoimi ripostami potrafił rozbawić do łez. Obecnie prowadzi kanał o tematyce ciekawostek , na którym zgromadził już prawie 1milionową widownie. Wiśnia
41%
31 Polski zespół muzyczny założony w Warszawie przez Bartosza Walaszka i Piotra Połacia tworzący prześmiewczo muzykę disco polo. Na youtube swoje utwory publikowali na kanale S.P. Records . Jednym z najpopularniejszych fragmentów jednego z ich utworów jest zdanie "NAKURWIAM WĘGORZA NANANANA". Są to Bracia ______ Figo Fagot
37%
39 Studio ,tworzone przez zespół Git Produkcja które na swoim kanale już od 2013 roku umieszcza odcinki Polskiego komediowego serialu animowanego pt. "Blok Ekipa". A dawniej również Kapitana Bombę czy Konia Rafała. SPInka Film Studio
37%
6 Uznawany prześmiewczo za "Czarny charakter" kwadratowej masakry,ktorej towarzyszył przez 1,2,3,4 oraz 5 sezon. Minecraftowy twórca ,cieszący się niegdyś wielką popularnością - chyba każdy musi go znać. W pewnym momencie po zakonczeniu kwadratowej masakry, usunął wszystkie filmy ze swoim udziałem z kanału. Możesz kojarzyć go z dynią oraz pewną konsolą Sony. PSPMagister
34%
5 Jego kanał na YouTube powstał 1 Maja 2012 roku i prowadzi go systematycznie ,aż do teraz. Możesz kojarzyć z nim postać Majora Kopyto - Nazywa się Krzysztof i ma 40lat. Jego kanał słynie głównie z serii "Zagrajmy w crapa" oraz filmów , na których "INBOXUJE" comiesięczne paczki z gadżetami "tzw. Pudła pełne barachła" wysyłane do swoich widzów. Twórca miał też swoje pięć minut na polskiej rap-scenie pod pseudonimem "Kamikaze". NRGeek
31%
4 Twórca ,który jako pierwszy zapoczątkował modę na kompilację "śmiesznych filmików" w Polsce. Jego najpopularniejszym filmem jest "Wielki Mix Youtube I" z 2010r. ,który obecnie posiada już ponad 9 milionów wyświetleń. SooldierPL
30%
42 Początkowo wielki rywal znanego youtubera Brema specializującego się w escape oraz parkourach gry minecraft cieszacy się wielka popularnością ze względu na swoje niesamowite osiągi i niejednokrotnie pokonanie Brema do czasu aż na jaw wyszedł fakt o jego cheatowaniu za pomocą modu (no-fall) pozwalającego wykonać niesamowite skoki.Założyciel serwera mchc.pl , wielkiego konkurenta hardcora skkfa , z którym to wdał się w drame. Po wdaniu się w liczne konfilkty przerzucił się na Counter Strike , w którym to znowu został okryty wielką falą hejtu za uzywanie "Auto bunny hop". Po swoich wybrykach na krótką chwile zniknął z youtube , po czym powrócił i obecnie może pochwalić się niemałą oglądalnością oraz prawie 1milionową liczbą subskrybcji. NOLIF
27%
20 Nazywa się Maciek , ma ponad 340tysięcy subskrybcji. Youtuber ,którego kontent przez długi czas opierał się na tworzeniu znakomitych pranków - w których m.in od udawał dealera, odgrywał YouTube'a na ulicy, czy podrywał dziewczyny. W pewnym momencie ,jak sam twierdzi zaczął bardzo ambitnie podchodzić do filmów i rozpoczął serię filmów poświęconą rozwojowi osobistemu,a następnie podróżowaniem czy militariami - Niestety obecnie po zmianie kontentu jego kilkuset-tysięczna oglądalność bardzo drastycznie spadła. Wapniak
27%
3 20 letni Vloger,z początków youtuba .Zbudował wokół siebie grupę wyznawców dzięki filmikowi zatytułowanemu "20 rzeczy których nie należy mówić do kobiety". Słynął z ironicznych żartów ,które potrafiły rozbawić do łez - ale sam twierdził ,że nie są one śmieszne.. Pewnego dnia zniknął na dosyć długi czas , aż do momentu kiedy Internet obiegła smutna informacja dotycząca śmierci Youtubera w wypadku samochodowym.Wtedy powrócił i stworzył drugi kanał o nazwie Filozofero , na którym przedstawiał swoją filozoficzną wizję współczesnego świata. Koniec konców oba bardzo dobrze prosperujące kanały zostały opuszczone , bez jakiegokolwiek wyjaśnienia. Damianero
25%
32 Jest ich trzech ,a nazywają się: Jaok, Koza i Grad . Prowadzą swoją internetową telewizję od 2005r; wychodząc i nagrywając materiały z marszów, protestów, manifestacji. Są to tzw " internetowy trolle", którzy przedstawiają go nie tylko w chamski ,ale też inteligentny sposób. Pyta.pl
25%
45 Polski youtubowy degustator napojów alkoholowych,, vloger, komik, mykolog, okazjonalnie także aktor. Prowadzący programów Kopsnij Drina oraz Apropo Defacto. Wiesław Wszywka
25%
37 Kanał Podróżniczy. Jak stwierdził YouTuber, podróże pozwalają mu oderwać się od rzeczywistości i odpocząć od pracy. Pierwszy film na kanale przedstawia podróż prowadzącego - Bartka, wraz z przyjaciółką Ulą po Filipinach. Dużą popularność (jak nie największą) przyniosła mu seria odcinków z jego pobytu w Wenezueli. BezPlanu
22%
43 Grupa youtuberów na youtubie działająca już od bardzo dawna, zajmująca się gromadzeniem informacji, ocenianiem, a także w pewnym stopniu graniem w gry. Na ich kanale znajdziemy również serię z otwierania tajemniczych paczek zwanych MysteryBoxami takich jak: Loot Crate , Pixelbox czy Loot Gaming itd... Kanał współtworzą wspólnie m.in: Dark Archon (nazywany przywódcą),Dorczenzo,grem,Stivi,Neko,Ichabod oraz Johnny (....) arhn.eu
21%
1 Jak sam siebie opisywał na facebooku oraz youtube: Kiedyś publikował nieśmieszne filmiki - teraz upadlające strumyki oraz wrzucanie kradzionych obrazków. Na youtube lansuje się na fajnego gościa ,ale tak naprawdę za plecami obgaduje każdego. To po prostu kanał z filmami - Suchymi filmami. Kiedyś znajdował się w TOP10 najpopularniejszych polskich youtuberów. Suchy Kanał
21%
22 Youtuber ,którego kanał poświęcony jest głównie Ulicznym żarta,filmom społecznym,sonda. Sam jednak nie uważa się za "prankstera" oraz "youtubera" - "Jestem po prostu zwykłym wyluzowanym gościem ,który chce czegoś nauczyć i coś pokazać". Nazywa się Łukasz,a swój kanał prowadzi od lipca 2014 roku. Kiedyś cieszył się bardzo dużą popularnością ,która niestety z czasem spadła - jednak jak sam twierdzi nie przeszkadza mu to i nagrywa dalej dla swoich wiernych widzów ,bo kanał to dla niego sama przyjemność i hobby. Liczba subskrybcji: 285tysięcy , Liczba wyświetleń kanału: 52 821 340 BrzozaTV
19%
11 Uważany za mistrza , wręcz legende modyfikacji w minecraft. Możesz kojarzyć go również z serii "_____ zawody".Jego działalność skonczyła się nagle , bez wyjaśnień , jednak nie dawno powrócił on na youtube ,a jego obecnie tworzone filmy mogą w dalszym ciągu pochwalić się kilkuset-tysięczną liczbą wyświetlen. GPLAY
19%
19 Youtuber słynący z nagrywania gier,na swoim kanale ma ponad 6200 tysięcy filmów czyli w praktyce najwięcej ze wszystkich polskich gameplayowych youtuberów. W prowadzonym przez siebie spisie wszystkich skończonych serii gier,posiada on już ponad 170tytułów. Od pewnego czasu na swoim kanale youtuber zamieszcza również unboxingi różnych sprzętów,poradniki do gier a także filmy Q&A z odpowiedziami na pytania od swoich widzów. Twórca na swój kanał potrafi wrzucać ponad 4 filmy dziennie - Nazwa jego kanału wzięła się od postaci o tej samej nazwie z gry Quake III: Arena, którą można zobaczyć w jego miniaturce. SargeThePlayer
19%
8 Kanał muzyczny ,słynący jednak głównie z dzieł humorystycznych , na których parodiowane były popularne obecnie topowe utwory muzyczne. [Np. "MY SŁOWIANIE - PARODIA (Odpowiedź męzczyzn)" czy "V nie dla ACTA" . Kilka lat temu większa część ich dzieł mogła pochwalić się kilku milionową liczbą wyświetleń. Obecnie od 4lat na kanale nie pojawił się żaden nowy film. V-Unit
17%
28 Rodzeństwo videoblogerów. Niegdyś bardzo popularny kanał na polskim youtubie , na którym grali w gry, robili żarty i różnorodne challange. MacieCioszki
16%
24 Marcin (bo tak się właśnie nazywa ten twórca) na swoim kanale rozkłada filmy na czynniki pierwsze, patrząc na nie jako operator kamery oraz montażysta. Pomaga on zauważyć pewne rzeczy, tricki, smaczki i style, których dani reżyserzy i operatorzy używają w swoich produkcjach. Na Gałęzi
16%
18 Popularność dała mu seria "Łapacz Trolii" oraz pomoc jego koleżanki Banshee. Niestety swoje lata świetności ,przemineły wraz z zakończeniem tej właśnie serii, pod którą można zaobserwować ponad milionowe wyświetlenia. Bzdurny Karton
15%
35 Jego kanał założony został w 2007 roku ,natomiast pierwszy film pojawił się w 2009roku. Youtuber początkowo zasłynał głównie z przeróbek filmów oraz bajek w humorystyczny sposób stworzone z ich wycinków (bez głosu IVONY). Największa popularność przyniosła mu natomiast seria z przerobionych odcinków teleturnieju "Jeden z dziesięciu". Obecnie z jego kanału zniknęła ponad połowa jego wcześniejszych filmów. Cięty Adrian
14%
30 Youtuber, swój kanał założył w 2012roku - Początkowo zajmował się nagrywaniem minecrafta , jednak szybko z tego zrezygnował i zajął się nagrywaniem mniej popularnych w owym czasie tytułów takich jak: Outlast,Slap the Fly czy Among the Sleep - dzięki którym uzyskał dosyć sporą liczbę stałej widowni. Poza grami na swoim kanale może poszczycić się challengami z takimi YouTuberami jak: Blowek, Karolek ( którzy to w dużym stopniu przyczynili się do jego popularności) oraz Weza, Requer czy Mw. Obecnie nie wrzuca filmów na swój kanał od ponad roku. Na swoim koncie posiada ponad 390 tysięcy subskrybcji. Vojtaz
14%
34 Młody twórca ,który swój kanał założył już w 2013 roku. Jego hobby to eksploracja opuszczonych i niedostępnych miejsc oraz nagrywanie o nich reportaży, które następnie publikuje na swoim kanale. Największą popularność przyniosły mu jednak filmy z opuszczonego spa czy różnorodne ucieczki przed ochroną. Obecnie na swoim kanale posiada prawie 600 tysięcy subskrybcji. Żądny Przygód
14%
38 U jednych jego filmy moga wywołać wielkie zażenowanie ,natomiast u drugich uśmiech na twarzy.Jak sam twierdzi na kanale pokazuje polskie realia z własnego punktu widzenia - wszystko w krzywym zwierciadle. Na jego kanale znajdziemy międzyinnymi filmy takie jak: "Typowa Kobieca Logika", "Typowe Kłótnie w Związku", "Typowy Fashionista" czy "Typowa Mama". Kisiel
13%
49 Przewodził bardzo popularna grupa muzyczną "Firma" ,która powstała w 2000 roku,a swoją działalność na youtubie rozpoczęła 8lat później znaną m.in z utworów takich jak: "Fałszywe Dziw**" czy "Dobre Dziewczyny". Do grupy należeli również m.in: i Tadeusz „Tadek” Polkowski , Paweł „Popek” Mikołajuw , Marcina „Kali” Gutkowski oraz Krzysztof „Pomidor” Romanik. Bosski Roman
12%
33 Kanał prowadzony od 2016,który służył do komentowania różnych obecnie trwających internetowych "dram" czy kontrowersyjnych zachowań innych youtuberów. Jednym z jego filmów jest m.in "Drama Naruciak vs Rezigiusz - Fuckty Youtube". Twrócą ,który prowadził kanał jest Łukasz S. - Kolega Kolegi Ignacego (xD) YouTuborniak Złośliwy
12%
25 Swój kanał założył w 2011 roku. W swojej serii "Fajny Program" dzielił się z widzami przemyśleniami, ciekawostkami i wszelkimi pomysłami, które pokazuje w humorystyczny sposób. Czasami jednak jak sam twierdzi chętnie wypowiada się na poważne tematy, bo zależy mu na tym, aby widzowie poza rozrywką wynieśli z jego kanału również jakąś wiedzę. Często znika,często wraca - jednak jego oglądalność już nie jest taka sama jak była kiedyś,a na kanale można zaobserwować tendencję spadkową liczby subskrybcji,których na swoim kanale posiada ponad 465tysięcy. Wielmożny Igor
11%
29 Myślę ,że aby rozpoznać tego twórce wystarczy fragment jego opisu prezentujący się następująco "Kłódki, zamki, zabezpieczenia... Otwieranie, obejścia..." LockTube
10%
48 Jako pierwszy na youtubie zajmował się Unboxingami rozmaitych rzeczy w Śmiesznym stylu (Znajdziemy u niego m.in Unboxing Parówek , Draży Śmietankowych czy Papieru Toaletowego). Przez długi czas uwazano ,że to nim Unboxall zainspirował się przy tworzeniu swoich filmów - Co w pozniejszym okresie okazalo się prawda , w swoim specialu na 100tyś subskrybcji THEUNBOXALL przyznaje ,że był to jedyny kanał przed nim ,który zajmował się tego typu "rozrywką". Możesz kojarzyć go również jako Kondzio4242. Unboxing Wszystkiego
9%
9 Na youtube obecny był już od 2012 roku , na swoim kanałe nagrywał głównie filmy z minecrafta zaczynając od shardcorów przez minigry ,aż do survivali. Serwerowi skkfa towarzyszył ,od jego początku ,aż do konca. Wraz z "DNKU" był uważany za twarz gildi HASA. Pewnego dnia przestał wrzucać filmy na swój kanał przez dosyć długi czas , aż w koncu poinformował widzów na swoim facebooku ,że ze względu na dołączenie do drużyny esportowej Counter Strike Global Offensive "Redbloods" nie ma czasu na nagrywanie - obiecał powrót , jednak do teraz śladu nie ma. Aspyr
7%
36 Testy ,recenzje ,Eksperymenty , Projekty i Pokazy PIROTECHNICZNE. Ponad 280 tysięcy subskrybcji. Machony
6%
44 Vlogerka Gabriela działająca na youtubie od sierpnia 2010 roku,kanał skierowany typowo do kobiet ,który przyciągnął do siebie nie małą widownie. Następnie zniknęła z youtuba , po czym pojawiła się ponownie jednak nie udało jej się przyciągnąć już takiej widowni. Od 5 lat kanał pozostaje nieaktywny. GabuVlog
5%
16 Kontrowersyjny młody twórca ,który działał na youtube 5lat temu, wówczas znajdował się on w top 100 najpopularniejszych Polskich youtuberów. Na swoim kanale zasłynął głównie z seri "Fajne" np. "Facebook jest fajny" "Kula Jest Fajny" czy "Moi widzowie są fajni" HiJasiu
4%
27 Swoją działalność rozpoczął w 2010roku , jako jeden z pierwszych zasłynął ze śmiesznych rozmów czy "wkrętów" telefonicznych. Pomimo zaledwie 750 subskrybcji na swoim kanale, większość jego filmów osiągała ponad 200tysięcy (co jest bardzo dużo liczbą jak na tamte czasy) wyświetleń. Obecnie na jego kanale znajdziemy jedynie trzy filmy sprzed 8lat : "rozmowa telefoniczna pomyłka groźby part3 " "rozmowa telefoniczna pomyłka groźby part 2 " oraz "rozmowa telefoniczna pomyłka groźby part 1 " kisielkis
4%
46 Dawid Nowak - Niegdyś bardzo popularny tester sprzętu związanego ze światem IT,na youtubie działający od 2010roku, tworzył poradniki czy prowadził serię motażu komputerów dla swoich widzów. Obecnie prowadzi portal technologiczny WavePC i kanał działający pod tą samą nazwa , jednak nie cieszy się już tak dużym gronem odbiorców. Czy pamiętasz jak nazywał się kiedyś? DawidN20v2
3%
41 Polski raper ,którego twórczość zaliczana jest do nurtu braggadocio i producent muzyczny. Działa na polskiej scenie hip-hopowej od 1994 roku. Współtworzył takie zespoły jak Rapscalion X, Killaz Group, Super Grupa, K.A.S.T.A., PDG Kartel oraz GTW. Na youtubie działać zaczął od 2012 roku, wtedy znajdował się on na 18 miejscu najpopularniejszych oglądanych w Polsce kanałów. Obecnie nazywa się: donGURALesko - Ale jak nazywał się kiedys :)? djdziadzior
3%
21 Twórca dosyć świeży na Polskim youtube, bo działa on dopiero od 2016roku.Na jego kanale znajdziemy przede wszystkim fakty o świecie i nie tylko. Jednak jak sam twierdzi , to co wyróżnia go na tle innych to przede wszystkim to ,że u niego jest krótko i ciekawie bez owijania w bawełnę, co najwyżej w poliester 100%. U niego ma być interesujące merytorycznie, wizualnie i dźwiękowo. PRO100 zmoSTU
3%
Nie znaleziono quizów pasujących do podanych kryteriów
Rozkład punktacji
Procent ludzi z każdym wynikiem
Percentyl według liczby udzielonych odpowiedzi
Twoja historia wyników
Nie rozwiązałeś tego quizu